| 000 | 00509nam a2200193Ia 4500 | ||
|---|---|---|---|
| 001 | 14614 | ||
| 003 | GE_BSU | ||
| 008 | 181216s||||||||xx |||||||||||||| ||und|| | ||
| 040 | _cGE_BSU | ||
| 080 | _a821.353.1-2 | ||
| 100 | _aდადიანი,შალვა | ||
| 245 | _aპიესები | ||
| 260 | _aთბილისი | ||
| 260 | _bსაბჭოთა საქართველო | ||
| 260 | _c1958 | ||
| 300 | _a248გვ.23სმ. | ||
| 653 | _aპიესები | ||
| 942 | _cBK | ||
| 999 |
_c47743 _d47743 |
||